|
|
|
|
| LEADER |
00000nam a2200000 a 4500 |
| 001 |
vtls001291735 |
| 003 |
SK-MaSNL |
| 005 |
20260223171804.0 |
| 008 |
251124s1926 xr 0 cze |
| 035 |
|
|
|a SNK000243419
|
| 040 |
|
|
|a SNK
|b slo
|c SNK
|e AACR2
|
| 044 |
|
|
|a xr
|c CZ
|
| 245 |
1 |
|
|a Biblí svatá aneb všecka svatá písma Starého i Nového zákona
|b Podle posledního vydání Kralického z roku 1613
|
| 260 |
|
|
|a Praha
|b Britická i zahraniční společnost biblická
|c 1926
|
| 300 |
|
|
|a 953 s. 310 s. , [9] fareb. mp. príl.
|c 4°
|
| 999 |
|
|
|c 628862
|d 630792
|
| 952 |
|
|
|t P60, <04>, [BOOK], {604}
|a SNK
|b SNK
|y VYP
|7 0
|o snkIB 60494
|i snkK 2372/88
|0 0
|1 0
|4 0
|d 1997-06-23
|l 0
|r 2005-01-02 00:00:00
|w 2026-02-23
|
| 952 |
|
|
|t P60, <04>, [BOOK], {604}
|a SNK
|b SNK
|y VYP
|7 0
|p 17A0178639
|o snkIB 60495
|0 0
|1 0
|4 0
|d 1999-02-04
|l 0
|r 2005-01-02 00:00:00
|w 2026-02-23
|